000 02126nam a2200361 a 4500
001 ebr10295775
003 CaPaEBR
006 m u
007 cr cn|||||||||
008 070405s2007 enka sb 001 0 eng
010 _z 2007014614
020 _z0470062010 (alk. paper)
020 _z9780470062012 (alk. paper)
040 _aCaPaEBR
_cCaPaEBR
035 _a(OCoLC)608623701
050 1 4 _aTK5102.9
_b.V38 2007eb
082 0 4 _a621.382/2
_222
084 _a53.71
_2bcl
084 _a05.39
_2bcl
084 _a54.74
_2bcl
100 1 _aVaseghi, Saeed V.
245 1 0 _aMultimedia signal processing
_h[electronic resource] :
_btheory and applications in speech, music and communications /
_cSaeed V. Vaseghi.
260 _aChichester, England ;
_aHoboken, NJ :
_bJ. Wiley,
_cc2007.
300 _axxv, 648 p. :
_bill.
504 _aIncludes bibliographical references and index.
505 0 _apt. I. Basic digital signal processing. Introduction ; Fourier analysis and synthesis ; z-Transform ; Digital filters ; Sampling and quantisation -- pt. II. Model-based signal processing. Information theory and probability models ; Bayesian inference ; Least square error, Wiener-Kolmogrov filters ; Adaptive filters : Kalman, RLS, LMS ; Linear prediction models ; Hidden Markov models ; Eigen vector analysis, principal component analysis and independent component analysis -- pt. III. Applications of digital signal processing to speech, music and telecommunications. Music signal processing and auditory perception ; Speech processing ; Speech enhancement ; Echo cancellation ; Channel equalisation and blind deconvolution ; Signal processing in mobile communication.
533 _aElectronic reproduction.
_bPalo Alto, Calif. :
_cebrary,
_d2013.
_nAvailable via World Wide Web.
_nAccess may be limited to ebrary affiliated libraries.
650 0 _aSignal processing.
650 0 _aMultimedia systems.
655 7 _aElectronic books.
_2local
710 2 _aebrary, Inc.
856 4 0 _uhttp://site.ebrary.com/lib/rucke/Doc?id=10295775
_zAn electronic book accessible through the World Wide Web; click to view
999 _c180864
_d180864